Instituciones gremiales (Record no. 166592)

MARC details
000 -LEADER
campo de control de longitud fija 00813nam a22002175i 4500
001 - NÚMERO DE CONTROL
campo de control 166592
003 - IDENTIFICADOR DE NÚMERO DE CONTROL
campo de control ES-MaACL
005 - FECHA Y HORA DE LA ÚLTIMA TRANSACCIÓN
campo de control 20250913171928.0
008 - DATOS DE LONGITUD FIJA--INFORMACIÓN GENERAL
campo de control de longitud fija 940206s1889 sp |||| | spa d
040 ## - FUENTE DE CATALOGACIÓN
Centro catalogador/agencia de origen CAM
Lengua de catalogación spa
100 ## - ENTRADA PRINCIPAL--NOMBRE DE PERSONA
Nombre de persona Tramoyeres Blasco, Luis,
Fechas asociadas al nombre 1851-1920
9 (RLIN) 224415
245 10 - MENCIÓN DEL TÍTULO
Título Instituciones gremiales
Resto del título : su origen y organización en Valencia /
Mención de responsabilidad, etc. por Luis Tramoyeres Blasco ; con un prólogo de Eduardo Pérez Pujol.
260 ## - PUBLICACIÓN, DISTRIBUCIÓN, ETC.
Lugar de publicación, distribución, etc. Valencia :
Nombre del editor, distribuidor, etc. [s.n.],
Fecha de publicación, distribución, etc. 1889 (
Fabricante Imp. Domenech)
300 ## - DESCRIPCIÓN FÍSICA
Extensión XXIV, 444, [4] p. ;
Dimensiones 23 cm.
597 ## - NOTA DE DESCRIPCIÓN FÍSICA
NOTA DE DESCRIPCIÓN FÍSICA Port. a dos tintas.
650 #7 - PUNTO DE ACCESO ADICIONAL DE MATERIA--TÉRMINO DE MATERIA
Término de materia o nombre geográfico como elemento de entrada Gremios-
Subdivisión geográfica Comunidad Valenciana
Fuente del encabezamiento o término
9 (RLIN) 151890
700 ## - ENTRADA AGREGADA--NOMBRE PERSONAL
Nombre de persona Pérez Pujol, Eduardo,
Fechas asociadas al nombre 1830-1894
Término indicativo de función/relación
9 (RLIN) 224418
752 ## - ENTRADA AGREGADA--NOMBRE JERÁRQUICO DEL LUGAR
País o entidad superior España -
Ciudad Valencia
852 ## - LOCALIZACIÓN
Ubicación ES-MaACL
Número de control de estantería F-10899
Nota libre -- Enc. pasta
Holdings
Estatus retirado Estado de pérdida Estado de daño No para préstamo Colección Biblioteca de origen Biblioteca actual Ubicación en estantería Fecha de adquisición Fuente de adquisición Total de préstamos Signatura topográfica completa Código de barras Visto por última vez Precio de reemplazo Tipo de ítem Koha
        Libros del s. XIX Biblioteca del Ateneo de Madrid Biblioteca del Ateneo de Madrid Sala Pecera Planta 2 17/01/2008     F-10899 1174724 23/02/2023 23/02/2023 Libro impreso antiguo